000 00932nam a2200277 a 4500
001 000027549
003 OSt
005 20201112095204.0
008 110401s1994 dr 000 0 spa d
040 _aDO-SdBNP
_bspa
_cBNPHU
082 _a320.97295
_bR457p
100 1 _aReyes Cerda, Nelson,
_b1943-
_99301
245 1 0 _aPuerto Rico es independiente /
_cNelson Reyes Cerda.
260 _aSanto Domingo :
_b[s.n.],
_c1994.
300 _a190 p. ;
_c21 cm.
490 1 _aEstudios de Derecho Constitucional
590 _aInventariado, 2020/ YL
650 4 _aNacionalismo
_zPuerto Rico
_933246
650 4 _aEstado libre asociado de puerto rico
_933931
651 4 _aPuerto Rico
_xHistoria
_91079
651 4 _aPuerto Rico
_xPolĂ­tica Y Gobierno
_912599
651 4 _aPuerto Rico
_xHistoria Constitucional
_929729
830 0 _aEstudios de Derecho Constitucional
_99304
910 _aValidado. Control de calidad
942 _2ddc
_cLBS1
999 _c27041
_d27041